Kapitoly zo súčasnej didaktiky

Enregistré dans:
Détails bibliographiques
Auteur principal: Petlák, Erich
Format: Livre
Langue:slovaque
Publié: Bratislava IRIS 2005
Sujets:
Tags: Ajouter un tag
Pas de tags, Soyez le premier à ajouter un tag!

MARC

LEADER 00000nam$a2200000$$$4500
001 0036643
005 20240314091153.9
020 |a 80-89018-89-0 
041 0 |a slo 
044 |a SK 
245 1 0 |a Kapitoly zo súčasnej didaktiky  |c Erich Petlák a kol. 
264 1 |a Bratislava  |b IRIS  |c 2005 
300 |a 189 s. 
610 2 0 |a didaktika 
610 2 0 |a pedagogika 
610 2 0 |a vzdelávanie 
610 2 0 |a vyučovanie 
610 2 0 |a školy 
610 2 0 |a študenti 
610 2 0 |a učitelia 
610 2 0 |a výchova 
100 1 |a Petlák, Erich